| 000 | 00807nam a2200253Ia 4500 | ||
|---|---|---|---|
| 003 | OSt | ||
| 005 | 20220923212457.0 | ||
| 006 | a|||||r|||| 00| 0 | ||
| 007 | ta | ||
| 008 | 220922b |||||||| |||| 00| 0 hin d | ||
| 024 | _a153,374 | ||
| 037 | _cTextual | ||
| 040 |
_aARTS _cARTS _bhin |
||
| 041 |
_2hin _ahin |
||
| 082 | _aO44x, 152L7 | ||
| 100 | _aबंसल, रघुवीर शरण | ||
| 245 | 0 | _aभारतीय साहित्य 1976 | |
| 246 | _aBhāratīya sāhitya 1976 | ||
| 260 |
_aदिल्ली _b इन्डियन पब्लि0 _c1977 |
||
| 300 |
_a120 पृ. _ccm. |
||
| 650 |
_aहिन्दी साहित्य _9156264 |
||
| 942 |
_hO44x, 152L7 _cTEXL _2CC |
||
| 999 |
_c309021 _d309021 |
||